[Event "KOSK - Jean Jaures 31/2-41/2"]
[Site "?"]
[Date "2018.03.11"]
[Round "8"]
[White "Witt, Rob"]
[Black "Vanden Bussche, Steven"]
[Result "0-1"]
[WhiteElo "2156"]
[BlackElo "1974"]
[Annotator "Witt"]
[PlyCount "37"]
[EventDate "2018.??.??"]

{In een propvolle zaal met een bar, met te smalle tafels, slechte stoelen en
plastic stukken, trof ik aan bord 6 de 20-jarige Steven Vanden Bussche. Er was
geen tijd voor voorbereiding. Anders had ik kunnen zien dat hij consequent
Slavisch en Caro Kann speelt. en dat hij tot nu toe alleen een remise had
afgegeven.} 1. d4 d5 2. c4 c6 3. Nf3 Nf6 4. e3 Bf5 5. Nc3 e6 6. Nh4 Bg6 {
Ik weet nauwelijks iets van deze opening. Voorlopig besloot ik de ruil op g6
uit te stellen.} 7. Bd2 (7. Nxg6 hxg6 8. h3 Nbd7 9. Bd3 Bd6 10. O-O {Kramnik,V
(2808)-Giri,A (2771) Leuven 2017 (38.1-0)}) 7... Nbd7 8. Be2 (8. Nxg6 hxg6 9.
Qc2 a6 10. O-O-O b5 11. c5 Ng4 12. Be1 Rxh2 13. Rxh2 Nxh2 14. Bd3 Qg5 {Bok,B 
(2600)-Van den Doel,E (2573) Amsterdam 2017 (63.½-½)}) 8... Bd6 9. h3 {
Nu had ik toch maar eerst op g6 moeten ruilen.} (9. Nxg6 hxg6 10. Qc2 {
Laznicka,V (2654)-Lobzhanidze,D (2432) Germany 2017 (44.1-0)}) 9... Be4 $146 {
De eerste zet die ik niet zag aankomen. Er komen er nog een paar.} (9... O-O {
Van Wely,L (2679)-Fridman,D (2621) Ajaccio 2007 (45.1-0)}) 10. c5 $6 {Ik had
een zet later al weer spijt van deze zet.} ({Het leek me dat ik na} 10. Nxe4
Nxe4 11. Nf3 {een slechte Stonewall kreeg.}) (10. O-O {was misschien beter,
maar ik heb hier eigenlijk liever zwart.}) 10... Bc7 11. Nxe4 $6 {Ik besloot
toch maar die slechte Stonewall toe te laten.} ({Ik moet bekennen dat ik hier
keek naar het belachelijke} 11. f4 $2 {waarna wit na zowel g5 (niet gezien)
als Ph5 (wel gezien) al verloren staat. Ik was duidelijk niet in goede doen.})
(11. b4) 11... dxe4 {Die kwam ook als een verrassing.} (11... Nxe4 12. Nf3 O-O
13. O-O f5 $15) 12. g4 $2 {Ik zag in deze partij niks en dus ook niet dat ik
hier heel slecht sta.} ({Noodzakelijk was} 12. g3) 12... h5 $1 {Ook deze
sterke zet kwam als een verrassing. En nu begon het tot me door te dringen dat
ik in grote problemen zat.} 13. gxh5 (13. g5 Nh7 {leek me niks. Stockfish gaat
dan nog rommelen met} 14. Qb3 Rb8 15. Ng6 fxg6 16. Qxe6+ Qe7 17. Qxg6+ Kd8 18.
h4 {maar daar heb ik natuurlijk niet naar gekeken.}) 13... Nxh5 14. Bxh5 ({Op} 
14. Ng2 {zag ik het nare} Ng3) 14... Qxh4 15. Be2 {Ik besefte dat ik hier zo
goed als verloren stond. En helemaal na zwart's volgende zet.} Bg3 {De engine
is niet zo onder de indruk, maar bij mij sloeg de zet in als een bom. Ik kan
de loper in ieder geval niet nemen.} (15... e5) 16. Qb3 $2 {Ik zag niks beters.
} ({Ik dacht dat} 16. Rf1 {geen zin had wegens} Rh6 {waarna ik nog steeds niet
kan nemen. De engine gaat echter verder met simpel} 17. Bc4 {om veld e2 vrij
te maken voor de dame en wit kan nog vechten.}) 16... Bxf2+ 17. Kd1 Rb8 18. Kc2
Qg3 19. Raf1 {Ik sta hier natuurlijk tottaal verloren. Ik heb mijn
notatiebiljet laten liggen en ik kan het niet verder reconstrueren. Ik
spartelde nog tot zet 40 alvorens mijn tegenstander te feliciteren. Mijn
reisgenoten Jasel en Alje bakten er ook niks van en verloren kansloos.
Gelukkig speelde Ikonnikov remise en wonnen de vier andere spelers zodat we
toch nog met 4½-3½ wonnen en de riante koppositie behouden. Op de lange
terugweg waren we nog op tijd voor een heerlijke maaltijd bij Dikke Mee in
St-Job-in 't Goor.} 0-1

[Event "Caissa 2 - Caissa-Eenhoorn 5-3"]
[Site "?"]
[Date "2018.03.10"]
[Round "7"]
[White "Witt, Rob"]
[Black "Deen, Ron"]
[Result "1-0"]
[WhiteElo "2156"]
[BlackElo "2176"]
[Annotator "Witt"]
[PlyCount "73"]
[EventDate "2018.??.??"]

{In de 7e ronde troffen we de gedoodverfde kampioen Caissa-Eenhoorn. Ik had
geen rekening gehouden met Ron Deen en zeker niet met een Grünfeld.} 1. d4 Nf6
2. c4 g6 3. Nc3 d5 4. Nf3 Bg7 5. cxd5 ({Ik had me een tijdje geleden
voorgenomen om de Grünfeld te bestrijden met} 5. Bf4 {Maar voor het bord kon
ik me totaal niet herinneren hoe het verder gaat na of na} O-O ({of na} 5... c5
6. dxc5 Qa5) 6. Rc1 dxc4) 5... Nxd5 6. Bg5 {Dan maar dat slappe zijvariantje
van Alje, waar Arne Moll altijd kritiek op had, maar die ik het zelf ook een
keer zag spelen. Ik zie nu dat Mamedyarov het ook regelmatig speelt.} c5 {
Na 12 minuten.} 7. Rc1 Nxc3 (7... Nc6 8. Nxd5 Qxd5 9. Rxc5 Qxa2 10. e3 Qxb2 {
Mamedyarov,S (2768)-Vachier Lagrave,M (2804) Doha 2016 (46.0-1)}) 8. bxc3 cxd4
(8... Qa5 9. Qd2 cxd4 10. cxd4 Qxd2+ 11. Kxd2 Nc6 12. d5 Ne5 13. Rc7 {Van Wely,
L (2632)-Tari,A (2521) Berlin 2015 (46.1-0)}) 9. cxd4 {De volgende drie zetten
speelde Ron a tempo.} O-O 10. e3 {Na 6 minuten.} (10. e4 Bg4 11. d5 h6 12. Be3
Nd7 13. Be2 Qa5+ 14. Qd2 Qa4 15. Rc4 Qa3 16. O-O {Van Wely,L (2653)-Adla,D 
(2518) Guingamp 2010 (41.1-0)}) 10... Bg4 11. Qd2 Nc6 $6 ({Beter lijkt} 11...
Bxf3 12. gxf3 Qd5 $13) 12. Be2 {Maar nu dacht Ron ruim een half uur na.} Qd6 {
En hierna was het mijn beurt om 20 minuten na te denken.} 13. Bf4 $6 ({De
voorkeur genoot gewoon de ontwikkeling voltooien met} 13. O-O {Ik geloof dat
ik na een eventueel Db4 mijn koning in het midden wilde hebben. Minder goed is}
e5 {wegens} 14. d5 e4 15. Bf4 {en na elke damezet gevolgd door dxc6.}) 13...
Qd7 $6 {Die speelde Ron weer snel.} (13... Qb4 $13) 14. h3 Bxf3 $6 {Na een
kwartier. Ik vermoed dat Ron hier al een plan met f7-f5 en e7-e5-e4 voor ogen
had. Maar nu komt wit duidelijk beter te staan.} ({Na} 14... Be6 {blijft het
witte voordeel binnen de perken.}) 15. Bxf3 Rac8 {Ik kan nu nog niet rokeren
want zwart dreigt e5. De keus waar mijn loper heen moet was lastig. Na 13
minuten koos ik voor} 16. Bg5 ({Achteraf geef ik toch de voorkeur aan} 16. Bg3
$14) 16... f5 $6 {Na 12 minuten.} (16... e6 17. O-O $14) 17. O-O {De volgende
drie zetten speelde Ron weer snel.} e5 18. d5 e4 19. Be2 Ne5 $2 {Zwart
onderschat de kracht van mijn d-pion.} ({Noodzakelijk was eerst} 19... Qd6 20.
Rfd1 {en dan pas} Ne5 {Maar ook hier staat wit goed.}) 20. d6 $1 h6 {Na ruim
een kwartier. wit nog 24 minuten, zwart een kwartier.} ({Misschien had Ron} 
20... a6 {moeten proberen.}) 21. Be7 Rfe8 22. Qd5+ Kh7 23. Bb5 ({Eerst torens
ruilen is misschien nog sterker.} 23. Rxc8 Rxc8 24. Bb5 Nc6 25. Rc1 $18) 23...
Nc6 24. Rfd1 a6 25. Bxc6 Rxc6 26. Rxc6 bxc6 27. Qf7 ({Nauwkeuriger was} 27. Qb3
) 27... Rb8 ({Ik verwachtte} 27... Rf8 28. Qb3 {en dan win ik een tempo t.o.v.
meteen 27.Db3.}) 28. Rc1 $6 {Te oppervlakkig gespeeld, maar het verknoeit
niets.} (28. Qc4 $1) 28... Rb4 {wit nog 13 minuten, zwart 6 minuten. Ik zag
hier het idee Tc1-c5-e5-e6, maar eerst wilde ik mijn koning van de eerste rij
weg hebben. De engine vindt dat overdreven voorzichtig.} 29. h4 (29. a4 $1 {
De zwarte toren mag nu de b-lijn niet verlaten en op elke torenzet komt Dc4.})
29... h5 30. g3 Qb7 $2 31. Kg2 $2 ({Ik verzuim te profiteren met} 31. Qe6 $1 {
Ik had er wel even naar gekeken, maar ik zag niet zo gauw of zwart ergens
f5-f4 had in de variant} Rb1 32. Rxb1 Qxb1+ 33. Kg2 Qd1 34. Qb3 {Dat blijkt
echter niet het geval na} Qf3+ (34... Qd2 35. Qb7 $18) 35. Kg1 f4 36. exf4 $18)
31... Qd7 $2 {Zwart nog 3 minuten.} ({Zwart had nog heel lastig kunnen worden
met} 31... Rb2 32. Rd1 ({Niet mogelijk is} 32. Rc5 {wegens} Rxf2+ {met eeuwig
schaak.}) ({Ook} 32. Qc4 {is niet goed wegens} f4 $1 33. gxf4 Qd7) 32... Qa7
33. Re1 Qd7 34. Qc4 $16 {en wit moet nog werken voor het punt.}) 32. a4 a5 ({
Zwart kan weer proberen verwarring te zaaien met} 32... Rb2 33. Qc4 f4 {
maar dat werkt niet na} 34. Qxe4 fxg3 35. Kxg3 Be5+ 36. Kg2 Bxd6 37. Bxd6 Qxd6
38. Rxc6) 33. Rc5 {Eindelijk kan ik mijn plannetje uitvoeren.} Rxa4 34. Re5 Rb4
35. Re6 f4 36. Rxg6 f3+ 37. Kh2 {en Ron feliciteerde me. Het team zorgde voor
een enorme verrassing door de koploper met 5-3 te verslaan.} 1-0

[Event "Caissa intern 2017-2018"]
[Site "?"]
[Date "2018.03.13"]
[Round "2.9"]
[White "Witt, Rob"]
[Black "Blanchard, Jack"]
[Result "1-0"]
[WhiteElo "2133"]
[BlackElo "2196"]
[Annotator "Witt"]
[PlyCount "61"]
[EventDate "2018.??.??"]

1. d4 d5 2. c4 e6 3. Nf3 a6 {Dit zie je de laatste jaren wel vaker. Zelfs
Magnus Carlsen heeft het diverse keren gespeeld.} 4. cxd5 {Er is ook een
agressieve aanpak waarbij wit pion c4 offert, maar daar weet ik niets van.} ({
Een andere mogelijkheid is} 4. Bg5 {bijv.} f6 $6 ({normaal is} 4... Be7) 5. Bd2
dxc4 6. e3 Nc6 7. Bxc4 Bd6 8. e4 Nge7 9. O-O O-O 10. Qb3 Kh8 11. Bxe6 Bxh2+ 12.
Kxh2 Qd6+ 13. Kh1 Bxe6 14. d5 Bg8 15. Qa3 Qxa3 16. Nxa3 Na7 {Hammer,J (2677)
-Carlsen,M (2876) Stavanger 2015 (34.1-0)}) 4... exd5 5. Nc3 Nc6 {Een vreemde
opstelling.} ({Normaal lijkt me} 5... c6 {Wit kan het dan scherp aanpakken met}
6. e4 ({Of rustig met} 6. Bf4) 6... dxe4 7. Ng5 Be7 8. Bc4 Nh6 9. Ngxe4 (9.
Ncxe4 {Hammer,J (2630)-Andreikin,D (2734) (14.½-½)}) 9... Nf5 10. d5 O-O 11.
Bf4 {Mamedyarov,S (2772)-Vallejo Pons,F (2710) Moscow 2017 (30.½-½)} (11. O-O
{Aronian,L (2784)-Carlsen,M (2851) Stavanger 2016 (43.1-0)})) 6. Bf4 Nf6 7. e3
Bd6 (7... Bf5 8. Rc1 Ne4 9. Nxe4 Bxe4 10. Nd2 Bf5 11. Qb3 Bb4 12. a3 Bxd2+ 13.
Kxd2 {Reinderman,D (2591)-Admiraal,M (2456) Germany 2015 (51.1-0)}) 8. Bg5 Be6
9. Rc1 {Om eventueel mijn loper op b1 te zetten.} (9. Bd3 O-O 10. Rc1 Re8 11.
O-O Be7 12. a3 Bg4 13. Qb3 {Fernandez Garcia,J (2412)-Garcia Sancho,J (2244)
Roquetas de Mar 2018 (38.1-0)}) 9... h6 10. Bh4 O-O 11. Bd3 {Het voorgaande
had Jack vlot gespeeld, maar hier begon hij lang na te denken.} Na7 {Na een
kwartiertje. Achteraf was Jack niet tevreden over deze zet.} 12. O-O c6 13. Bb1
{Na 10 minuten. Er waren diverse alternatieven. Maar het heeft weinig zin om
daar lang aan te rekenen, op een gegeven moment moet je gewoon een redelijke
zet doen. Mijn voornaamste overweging voor deze keus was dat ik Lg4 wil kunnen
beantwoorden met Dd3 en Pe5.} (13. Na4) (13. Ne5) 13... Nb5 14. Na4 {Die
speelde ik a tempo. In deze structuur lijkt het logisch om een paard op c5 te
zetten.} ({Achteraf denk ik dat} 14. Ne2 {ook het overwegen waard was. Als
zwart dan ook g5 speelt heeft hij eerder last van de zwakke velden f5 en h5.})
14... g5 $6 {Beetje dubieus.} 15. Bg3 Ne4 {Een lastig moment. Moet ik wel of
niet op g3 laten slaan.} 16. Bxd6 {Na 10 minuten.} ({Het alternatief was} 16.
Nc5 {Ik kon niet goed beoordelen of de stelling na} Bxc5 ({Zwart kan op g3
ruilen, maar ik sla terug net de f-pion en sta in beide gevallen beter.} 16...
Nxg3 17. fxg3 $16) (16... Bxg3 17. fxg3) 17. dxc5 Bf5 {wel of niet beter was
dan wat ik in de partij speel. Stockfish vindt dit duidelijk beter dan wat ik
doe.}) 16... Nbxd6 17. Ne5 {Hierna dacht Jack een kwartier na.} Qe7 ({Jack zal
ongetwijfeld gekeken hebben naar o.a.} 17... Bf5 {Daarop plande ik} 18. f3 Nf6
19. Bxf5 Nxf5 20. Rc3 Nd6 21. Nc5 Qe7 22. f4 Nfe4 {Misschien moet zwart wat
anders doen.} 23. Rb3 $14 ({De engine maalt niet om een kwaliteit en doet
meteen} 23. Qh5 $1 Nxc3 $2 24. bxc3 {met groot voordeel.})) 18. f3 Nf6 19. g4 (
{De tekstzet is niet slecht, maar sterker lijkt de verrassende suggestie van
de engine} 19. f4 $5 {Ik heb dat idee niet overwogen.}) 19... Rad8 20. b3 $6 {
Na 12 minuten. Achteraf tijdverlies. Mijn gedachte was dat zwart na Dd3
misschien Pc4 speelt waarna ik dat paard niet wegkrijg met b3 wegens Pa3 en
mijn mooi loper wordt geruild. dat is een beetje onzin, want dat paard staat
helemaal niet goed op c4.} ({Bijv.} 20. Nc5 Nc4 $6 21. Rc3 Bc8 ({Een mooie
computervariant is} 21... Nxb2 $2 22. Qc2 Nc4 23. f4 Nxe5 24. fxe5 Ne4 25. Rf6
$1 $18) 22. f4 {en het zwarte paard kan het beste weer terug.} Nd6 {maar wit
houdt aanval.}) 20... Rfe8 {Jack wil zijn dame omspelen naar g7.} 21. Qd3 $2 {
Hier blijkt de dame niet goed te staan.} ({Beter is} 21. Qc2 {om eventueel Dg2
of Dh2 bij de hand te hebben. Zwart heeft nu niet} h5 $2 {wegens} ({Beter is} 
21... Qf8 $5 {en nu lijkt} 22. h4 $5 {een goede zet.}) 22. h4 $1 gxh4 23. g5
$16 {want niet mogelijk is nu} Nfe4 24. fxe4 Qxg5+ {wegens} 25. Qg2 $18) 21...
Qf8 ({Nu had} 21... h5 {misschien gekund. Na} 22. h4 {wordt het een rommeltje.}
(22. h3 Kg7 $13 {zwart vervolgt met Th8.}) 22... gxh4 23. g5 Nfe4 $1 {Nu kan
dat wel.} 24. fxe4 Qxg5+ 25. Kh1 dxe4 26. Qe2 Bg4 27. Nxg4 hxg4 28. Rf4 f5 29.
Rg1 Kh8 {en misschien is deze chaotische stelling toch wel beter voor wit na}
30. Nb6) 22. Nc3 $6 {Na 10 minuten. Ik zag niet zo duidelijk hoe het nu verder
moest. Ineens bedacht ik dat ik liever een paard op g3 heb dan op c5. Maar dat
kost veel tijd.} ({Konsequent was} 22. Nc5 Bc8 23. h3 Qg7 {Maar de zwarte
stelling is moeilijk te kraken. Wit moet of een goed moment vinden voor f4 of
misschien iets met h4 voorbereiden.}) 22... Qg7 23. h3 Bc8 $6 {Beetje langzaam.
} ({Beter is meteen} 23... Nd7 24. Nxd7 Bxd7 25. Ne2 f5 26. Ng3 Rf8 27. Kg2 {
met wederzijdse kansen.}) (23... h5 {kwam ook in aanmerking, maar dat soort
zetten speelt Jack niet.}) 24. Ne2 Nd7 $6 {bijna a tempo gespeeld.} ({We
hadden allebei nog 30 minuten. dit was een goed moment voor} 24... h5 25. Rce1
h4 26. Nc3 Nh7 $14) 25. Nxd7 Rxd7 26. Ng3 {Met enige medewerking van Jack heb
ik mijn doel bereikt.} Rde7 {Na 5 minuten deze ogenschijnlijk logische zet.} ({
De engine gaat liever verwarring zaaien met} 26... f5 {bijv.} 27. Nxf5 Nxf5 28.
gxf5 Qf6 29. Rcd1 Rde7 30. e4 dxe4 31. fxe4 Rxe4 32. Qc4+ Kg7 33. Bxe4 Rxe4 {
maar ook dit is goed voor wit.}) 27. Rce1 {Na 5 minuten.} ({Ik keek ook naar} 
27. Nh5 Qh8 28. Rce1 {maar dat leek me minder sterk wegens} f5 {De engine
vindt dit echter prima na} 29. Qd2 $16) 27... Nb5 $2 {Na 10 minuten waarbij
Jack alsmaar met zijn hoofd schudde. Dit dreigt weliswaar Pxd4, maar maakt het
wit makkelijk.} ({lastig te zien, maar de laatste kans om verwarring te zaaien
was} 27... f5 28. gxf5 h5 {maar ook dit moet goed voor wit zijn na} 29. Nxh5
Qh6 30. f6 Bf5 31. Qd2 Rh7 32. Ng7) 28. Qd2 b6 $2 {Jack zit er een beetje
doorheen.} ({Maar na bijv.} 28... Qh8 {om te anticiperen op Ph5 heeft wit ook
groot voordeel. Bijv.} 29. a4 Nc7 (29... Nd6 30. e4 $18) 30. f4 gxf4 31. Rxf4
Ne6 32. Rff1 $16) 29. a4 Nd6 30. e4 f6 31. Qb4 {Dat is niet eens de beste zet,
maar na een paar minuten gaf Jack op met de woorden "ik geloof het verder wel".
} 1-0